00848nam a2200301Ia 4500001000700000003000500007008004100012010001100053020001800064040000900082082002000091100002600111245007200137250001000209260004000219300001100259503001100270650004900281650002000330700003100350901002000381902000600401910000900407942000600416942000700422999001900429952009800448Z_5549CHAP220113s2=00 xx 000 0 und d a168643 a0-13-010582-1 cCHAP a636.084 C8 2002 aChurch. D. C.922991 aLivestock feeds and feeding /cRichard O. Kellems and D. C. Church a5 ed. aNew Jersey :bPrentice Hall,c2002 a654 p. a234949 aAlimentos y alimentación del ganado 94326 aForrajes942552 aKellems, Richard O.962920 a636.084 C8 2002 aA a2=00 c1 cc1 c168643d168643 00102ddc40708GRALaZbZc1d2007-11-20pz_5399r2022-01-18 00:00:00t1w2022-01-18yLIBRO